Rodinné podnikanie

Definícia rodinných podnikov a ich špecifiká. Význam rodinných podnikov v EÚ a situácia rodinných podnikov na Slovensku, so zameraním na problémy, s ktorými sa stretávajú.

Gespeichert in:
Bibliographische Detailangaben
1. Verfasser: Beličková, Kornélia, 1966-
Weitere Verfasser: Bukovová, Sylvia, 1959-
Format: Buchkapitel
Sprache:Slowakisch
Schlagworte:
Tags: Tag hinzufügen
Keine Tags, Fügen Sie das erste Tag hinzu!

MARC

LEADER 00000naa$a2200000$$$4500
001 0249917
005 20240502074012.3
041 0 |a slo 
044 |a SK 
245 1 0 |a Rodinné podnikanie  |c Kornélia Beličková, Sylvia Bukovová 
520 |a Definícia rodinných podnikov a ich špecifiká. Význam rodinných podnikov v EÚ a situácia rodinných podnikov na Slovensku, so zameraním na problémy, s ktorými sa stretávajú. 
610 2 0 |a prostredie podnikateľské 
610 2 0 |a podnikanie 
610 2 0 |a podnikanie drobné 
610 2 0 |a podnik malý 
610 2 0 |a podnik stredný 
100 1 |a Beličková, Kornélia, 1966- 
700 1 |a Bukovová, Sylvia, 1959-